Movies Quiz

Random Movies or Actor Quiz

Actors in JFK Quiz Stats

 Plays Quiz not verified by Sporcle

Challenge
Share
Tweet
Embed
Score 0/20 Timer 10:00
0 Plays Today
Character Actor % Correct
Jim GarrisonKevin Costner
96.9%
Clay ShawTommy Lee Jones
84.6%
Willie O'KeefeKevin Bacon
76%
David FerrieJoe Pesci
74.4%
Lee Harvey OswaldGary Oldman
72.4%
XDonald Sutherland
70.1%
Liz GarrisonSissy Spacek
65.7%
Jack MartinJack Lemmon
61%
Dean AndrewsJohn Candy
56.7%
Earl WarrenJim Garrison
47.2%
Character Actor % Correct
Senator Huey LongWalter Matthau
46.9%
Guy BannisterEd Asner
41.7%
Numa BertelWayne Knight
36.6%
Jack rubyBrian Doyle-Murray
35.8%
NarratorMartin Sheen
33.5%
Bill BroussardMichael Rooker
28.3%
Susie CoxLaurie Metcalf
28%
Lou IvonJay O. Sanders
17.7%
Bill NewmanVincent D'Onofrio
9.8%
Jerry JohnsonJohn Larroquette
9.8%

You're not logged in!

Compare scores with friends on all Sporcle quizzes.
OR
Log In

You Might Also Like...

Show Comments

Extras

Created Dec 8, 2009SourceReportNominate
Tags:Actor Quiz, character, JFK

Top Quizzes Today


Score Distribution

Your Account Isn't Verified!

In order to create a playlist on Sporcle, you need to verify the email address you used during registration. Go to your Sporcle Settings to finish the process.

Report this User

Report this user for behavior that violates our Community Guidelines.

Details: